000
00240 a2200109 4500
001
39706
090
_c
24725
_d
24725
100
_a
Juran JM
245
_a
Juran's Quality control handbook, 4/e
250
_a
4
260
_a
New York
_b
McGraw Hill
_c
1988
942
_a
NUST-CAE
999
_c
274779
_d
274779